States and Capitals by Flag - Statistics

General Stats
  • This quiz has been taken 25 times
  • The average score is 49 of 100
Answer Stats
Picture Answer % Correct
Texas
100%
California
83%
Maryland
83%
Sacramento
83%
Washington
83%
Wyoming
83%
Alaska
78%
Austin
78%
Colorado
78%
Denver
78%
Hawaii
78%
Honolulu
78%
Juneau
78%
Annapolis
72%
Mississippi
72%
New Mexico
72%
Olympia
72%
Arizona
67%
Cheyenne
67%
Florida
67%
Jackson
67%
Phoenix
67%
Providence
67%
Rhode Island
67%
Santa Fe
67%
Alabama
61%
Arkansas
61%
Indiana
61%
Indianapolis
61%
Little Rock
61%
Montgomery
61%
Nashville
61%
Ohio
61%
Pierre
61%
South Carolina
61%
South Dakota
61%
Tallahassee
61%
Tennessee
61%
Baton Rouge
56%
Columbia
56%
Columbus
56%
Louisiana
56%
Salt Lake City
56%
Utah
56%
Minnesota
50%
North Carolina
50%
Oklahoma
50%
Oklahoma City
50%
Raleigh
50%
St. Paul
50%
Delaware
44%
Dover
44%
Oregon
44%
Augusta
39%
Boston
39%
Connecticut
39%
Hartford
39%
Madison
39%
Maine
39%
Massachusetts
39%
Michigan
39%
Salem
39%
Wisconsin
39%
Albany
33%
Atlanta
33%
Concord
33%
Frankfort
33%
Georgia
33%
Kentucky
33%
Lansing
33%
New Hampshire
33%
New York
33%
Pennsylvania
33%
Virginia
33%
Boise
28%
Des Moines
28%
Harrisburg
28%
Helena
28%
Idaho
28%
Illinois
28%
Iowa
28%
Kansas
28%
Lincoln
28%
Montana
28%
Montpelier
28%
Nebraska
28%
Nevada
28%
New Jersey
28%
Richmond
28%
Springfield
28%
Topeka
28%
Trenton
28%
Vermont
28%
Bismarck
22%
Carson City
22%
Charleston
22%
Jefferson City
22%
Missouri
22%
North Dakota
22%
West Virginia
22%
No matching quizzes found
Score Distribution
Percent of People with Each Score
Percentile by Number Answered
Your Score History
You have not taken this quiz